| 000 | 00509nam a2200133Ia 4500 | ||
|---|---|---|---|
| 008 | 160809s9999 xx 000 0 und d | ||
| 100 | _aHassan, Ahmed. | ||
| 245 | _aBURNOUT AND WORK STRESS AMONG DISABILITY CENTERS STAFF IN OMAN | ||
| 245 | _cAhmed Hassan Hemdan Mohamed Sultan Qaboos University. | ||
| 260 | _bInternational Journal of Special Education | ||
| 260 | _c2015 | ||
| 650 | _xSPECIAL EDUCATION | ||
| 856 | _uhttp://www.internationaljournalofspecialed.com/issues/IJSE%20ENTIRE%20ISSUE%2030%201.pdf | ||
| 999 |
_c300261 _d300261 |
||